| 000 | 00441nam a2200181Ia 4500 | ||
|---|---|---|---|
| 001 | 11379 | ||
| 005 | 20260306162823.0 | ||
| 008 | 260306t2001||||xx |||||||||||||| ||spa|| | ||
| 041 | _aESP | ||
| 082 |
_a985.4 _bE28 |
||
| 100 |
_aEmpresa de Generación Eléctrica de Arequipa S.A. _eAUT |
||
| 245 | 0 | _aArequipa monumental | |
| 260 | _c2001 | ||
| 300 |
_apágs. : _c29 cm. |
||
| 650 | _aGEN | ||
| 654 | _aCHU | ||
| 942 |
_cLIB _dJUS _fJUS _2ddc _n |
||
| 999 |
_c11379 _d11379 |
||